Robin Schulz Charting Songs (Billboard Hot Dance) - Statistics

General Stats
  • This quiz has been taken 24 times
    5 since last reset
  • The average score is 11 of 18
Answer Stats
Album Weeks On Peak Artist(s) Song % Correct
Prayer 45 Weeks #1 Lilywood & Robin Schulz Prayer in C
100%
Uncovered 20 Weeks #11 Robin Schulz & David Guetta & Cheat Codes Shed a Light
100%
Sugar 42 Weeks #2 Robin Schulz ft. Francesco Yates Sugar
100%
Prayer 20 Weeks #21 Robin Schulz ft. Jasmine Thompson Sun Goes Down
100%
IIII 15 Weeks #20 Robin Schulz ft. KIDDO All We Got
75%
Sugar 20 Weeks #17 Robin Schulz ft. Ilsey Headlights
75%
Alone in a Crowd 26 Weeks #4 Oliver Tree & Robin Schulz Miss You
75%
Uncovered 20 Weeks #25 Robin Schulz ft. James Blunt OK
75%
IIII 15 Weeks #31 Robin Schulz ft. Erika Sirola Speechless
75%
IIII 20 Weeks #11 Robin Schulz ft. Alida In Your Eyes
50%
Pink 2 Weeks #36 Robin Schulz & David Guetta On Repeat
50%
Non-Album Single 20 Weeks #14 Nick Jonas vs Robin Schulz Right Now
50%
Sugar 1 Week #50 Robin Schulz & Disciples Yellow
50%
Pink 1 Week #40 Robin Schulz & Dennis Lloyd Young Right Now
50%
Non-Album Single 5 Weeks #40 Justin Quilles & Robin Schulz AEIOU
25%
Non-Album Single 5 Weeks #31 Topic, Robin Schulz, Nico Santos & Paul Van Dyk In Your Arms (For An Angel)
25%
Uncovered 3 Weeks #46 Robin Schulz & Piso 21 Oh Child
25%
IIII 1 Week #43 Robin Schulz & Felix Jaehn ft. Alida One More Time
25%
No matching quizzes found
Score Distribution
Percent of People with Each Score
Percentile by Number Answered
Your Score History
You have not taken this quiz since the last reset